|
|
|
|
| LEADER |
01581nam a2200469 a 4500 |
| 001 |
nkc20051583809 |
| 003 |
CZ PrNK |
| 005 |
20060106090816.0 |
| 007 |
ta |
| 008 |
050928s2005 xr a c f 000 0 cze |
| 015 |
|
|
|a cnb001583809
|
| 020 |
|
|
|a 80-251-0692-6
|q (váz.) :
|c Kč 169,00
|
| 035 |
|
|
|a (OCoLC)85163136
|
| 040 |
|
|
|a BOA001
|b cze
|d ABA001
|
| 041 |
1 |
|
|a cze
|h eng
|
| 072 |
|
7 |
|a 591
|x Obecná zoologie
|2 Konspekt
|9 2
|
| 072 |
|
7 |
|a 0/9-053.2
|x Literatura pro děti a mládež (naučná)
|2 Konspekt
|9 26
|
| 080 |
|
|
|a 591.531.2
|2 MRF
|
| 080 |
|
|
|a (0.053.2)
|2 MRF
|
| 080 |
|
|
|a (084.11)
|2 MRF
|
| 100 |
1 |
|
|a Madsen, Chris
|7 mzk2004148579
|4 aut
|
| 245 |
1 |
0 |
|a 3D Predátoři /
|c Chris Madsen ; [překlad Iva Malíková]
|
| 246 |
3 |
0 |
|a Predátoři
|
| 250 |
|
|
|a Vyd. 1.
|
| 260 |
|
|
|a Brno :
|b CP Books,
|c 2005
|
| 300 |
|
|
|a 29 s. :
|b barev. il. ;
|c 25 cm +
|e 3D brýle
|
| 490 |
1 |
|
|a 3D
|
| 500 |
|
|
|a Název z obálky
|
| 500 |
|
|
|a Přeloženo z angličtiny?
|
| 650 |
0 |
7 |
|a predátoři
|7 ph169368
|2 czenas
|
| 650 |
0 |
9 |
|a predators
|2 eczenas
|
| 655 |
|
7 |
|a publikace pro děti
|7 fd133156
|2 czenas
|
| 655 |
|
7 |
|a obrazové publikace
|7 fd132947
|2 czenas
|
| 655 |
|
9 |
|a children's literature
|2 eczenas
|
| 655 |
|
9 |
|a pictorial works
|2 eczenas
|
| 830 |
|
0 |
|a 3D (CP Books)
|0 s
|
| 910 |
2 |
|
|a BOA001
|b 2-1159.886
|
| 990 |
|
|
|a BK
|
| 995 |
|
|
|a 01
|
| 991 |
|
|
|b 200511
|c NOV
|
| 996 |
6 |
|
|b 2610262726
|c 2-1159.886
|l MZK
|r Sklad / do 1 hodiny
|n 0
|p p.v.
|w 000796381
|u 000010
|a 1
|e BOA001
|j MZK50
|s P
|
| 996 |
7 |
|
|b 2610262727
|c 2-1159.886
|l MZK
|r Sklad / do 1 hodiny
|n 2
|p p.v.
|w 000796381
|u 000020
|a 1
|e BOA001
|j MZK50
|s A
|